=LDR 00000nam 2200000 4500 =001 INLIS000000000000665 =005 20150415102149.0 =006 =007 =008 Ind =035 ##$$0010-061300000000665 =041 ##$$a Ind =082 ##$$a 92(Sutowo) =090 ##$$a 92(Sutowo) Kar i =100 ##$$a Karma, Mara =245 ##$$a Ibnu sutowo, pelopor sistem bagi hasil di bidang perminyakan / Mara Karma =260 ##$$a Jakarta $b Gunung Agung $c 1979 =300 ##$$a xx, 300 hlm. : ilus. ; 21 cm =650 ##$$a Sutowo, Ibnu =850 ##$$a NBPNMAT